000 01248cam a2200337 a 4500
999 _c2243
_d2243
001 16572198
003 GZU
005 20201028110817.0
008 101208s2010 njua b 001 0 eng
010 _a 2010485902
020 _a0471332879
020 _a9780470086964
040 _aDLC
_cDLC
_dDLC
042 _apcc
050 0 0 _aHD 58.7
_b.SCH 2000
082 0 0 _a302.3/5
_222
245 0 0 _aOrganizational behavior /
_cJohn R. Schermerhorn, Jr. ... [et al.].
250 _a7th ed.
260 _aHoboken, NJ :
_bWiley,
_cc2000.
300 _a1 v. (various pagings) :
_bill. (chiefly col.) ;
_c27 cm.
504 _aIncludes bibliographical references and indexes.
650 0 _aOrganizational behavior.
650 0 _aManagement.
700 1 _aSchermerhorn, John R.
856 4 2 _3Contributor biographical information
_uhttp://www.loc.gov/catdir/enhancements/fy1106/2010485902-b.html
856 4 2 _3Publisher description
_uhttp://www.loc.gov/catdir/enhancements/fy1106/2010485902-d.html
856 4 1 _3Table of contents only
_uhttp://www.loc.gov/catdir/enhancements/fy1106/2010485902-t.html
906 _a7
_bcbc
_corignew
_d2
_encip
_f20
_gy-gencatlg
942 _2lcc
_cBK
_e7 th ed.
_h58.7
_iSCH
_kHD